00161nam a2200073Ia 4500008004100000082000800041100002600049245001200075240331s9999 xx 000 0 und d bPRA aSamaja Sangamaya. ed 0aPravada